|
|
|
|
| LEADER |
00000nam a2200000 i 4500 |
| 001 |
1/98094 |
| 008 |
000118s1998 eng d |
| 020 |
|
|
|a 0-471-16378-3 (pbk)
|
| 035 |
|
|
|l 10056386
|
| 040 |
|
|
|a GR-MY-UA
|b gre
|e aacr
|
| 041 |
0 |
|
|a eng
|
| 082 |
0 |
|
|a 658.478
|2 (22)
|
| 100 |
1 |
|
|a Parker, Donn B.
|
| 245 |
1 |
0 |
|a Fighting computer crime :
|b a new framework for protecting information /
|c Donn B. Parker
|
| 260 |
|
|
|a New York :
|b Wiley,
|c c1998
|
| 300 |
|
|
|a xv, 512 σ.;
|c 24 εκ.
|
| 504 |
|
|
|a Περιλαμβάνει ευρετήριο.
|
| 650 |
0 |
0 |
|a Computer crimes.
|
| 650 |
0 |
0 |
|a Computer crimes
|x Prevention.
|
| 650 |
0 |
0 |
|a Computer security.
|
| 852 |
|
|
|a INST
|b SAMOS
|e 20000118
|h 658.478 PAR
|p 005300016038
|q 005300016038
|t BK
|y 0
|
| 852 |
|
|
|a INST
|b SYROS
|e 20080530
|h 658.478 PAR
|p 005500005883
|q 005500005883
|t BK
|y 0
|
| 901 |
|
|
|a BIBL5-2008-2
|
| 901 |
|
|
|a BIBL3-2000-1
|
| 909 |
|
|
|a Ε
|b 142397
|
| 909 |
|
|
|a Σ
|b 071268
|
| 922 |
|
|
|a 5ΕΛΗ
|b 200712
|c ΕΠΕΑΕΚ2/ΤΜΣΠΣ
|d ΕΛΕΥΘΕΡΟΥΔΑΚΗΣ
|
| 922 |
|
|
|a 3ΕΛΗ
|b 199912
|c ΤΠΕΣ
|d ΠΑΠΑΣΩΤΗΡΙΟΥ
|
| 970 |
|
|
|a ΓΕΝΟΥΖΟΥ
|b ΧΡΥΣΑΝΘΗ
|z 2000/01/18
|